00286 a2200085 4500100002300000245007200023300003800095650001600133773005100149 aAGBENORSI, Justice aillegal sale of ECG prepaidbokada rider granted GH₵ 50,000 bail aSaturday, Julyb 1, 2023. page 13. aelectricity0 dAccra Daily Graphic 2023tDaily Graphicx22196